000 00982nam a22003137a 4500
003 CHAP
005 20220329143318.0
008 080515d20068 us r 00110 eng d
010 _a94807
011 _a95779
020 _a9780521856379
035 _a106410
040 _cCHAP
082 0 0 _a532
_aM28
100 1 _aMcWilliams, James C.
_973769
245 1 0 _aFundamentals of geophysical fluid dynamics
_c/by James C . McWilliams
260 _aNew York. :
_bCambridge,
_c2006
300 _axvii 249 p. :
_bilus. ; grafs.
590 _aBATCH-UPD
_b10
_c20130110
_lUCH01
_h0743
590 _aBATCH-UPD
_b10
_c20130410
_lUCH01
_h0424
590 _aBATCH-UPD
_b10
_c20130914
_lUCH01
_h1421
590 _aCONVERSION
_b10
_c20130109
_lUCH01
_h1352
650 1 4 _aDinámica de fluídos.
_932627
650 1 4 _aFluídos.
_941896
650 1 4 _aGeofísica.
_947534
901 _aBK
942 _cLIBRO
949 _a532 M28
_bBC
_cLIBRO
_d33724002046496
_eLIBRO
_gI.c/e.
_h109500
_i106410
_sb
_t$1.145.00
999 _c94807
_d94807